[Event "Bucharest Grand Prix"]
[Site "Bucharest"]
[Date "2023.04.30"]
[Round "8"]
[White "Petkov, Momchil"]
[Black "Iordachescu, Viorel"]
[Result "1-0"]
[WhiteElo "2515"]
[BlackElo "2584"]
[PlyCount "62"]
[EventDate "2023.04.29"]
[EventType "swiss (rapid)"]
[EventRounds "10"]
[EventCountry "ROU"]
[SourceTitle "CBM 213 Extra"]
[Source "ChessBase"]
[SourceDate "2023.05.31"]
[SourceVersion "1"]
[SourceVersionDate "2023.05.31"]
[SourceQuality "1"]

1. e4 g6 2. d4 Bg7 3. Nc3 c6 4. Be3 d5 5. e5 Nh6 6. Qd2 Nf5 7. Bf4 h5 8. Nf3 a5 9. Bd3 Na6 10. 0-0 Nc7 11. Ne2 Ne6 12. Be3 h4 13. h3 Kf8 14. b3 Kg8 15. Bxf5 gxf5 16. Bg5 b6 17. Bxh4 Bh6 18. Qd3 f4 19. c4 Qf8 20. Kh1 Rh7 21. Rg1 Kh8 22. g3 a4 23. Nh2 Bg7 24. Qf3 Bb7 25. cxd5 c5 26. Rad1 cxd4 27. Nxd4 Bxe5 28. Nc6 Bxc6 29. dxc6 axb3 30. axb3 Qc8 31. Ng4 Bg7 1-0

[Event "Sharjah Blitz"]
[Site "Sharjah"]
[Date "2023.03.28"]
[Round "8"]
[White "Iordachescu, Viorel"]
[Black "Al Takrori, Husam"]
[Result "1-0"]
[WhiteElo "2584"]
[BlackElo "2018"]
[PlyCount "39"]
[EventDate "2023.03.28"]
[EventType "swiss (blitz)"]
[EventRounds "9"]
[EventCountry "UAE"]
[SourceTitle "CBM 213 Extra"]
[Source "ChessBase"]
[SourceDate "2023.05.31"]
[SourceVersion "1"]
[SourceVersionDate "2023.05.31"]
[SourceQuality "1"]

1. e4 d5 2. exd5 Nf6 3. d4 Bg4 4. Be2 Bxe2 5. Qxe2 Qxd5 6. Nf3 Nc6 7. Nc3 Qh5 8. Bf4 0-0-0 9. 0-0-0 Nd5 10. Nxd5 Qxd5 11. c4 Qa5 12. d5 Nb4 13. a3 Na6 14. Ne5 e6 15. Nxf7 Bxa3 16. bxa3 Qc3+ 17. Kb1 Qb3+ 18. Qb2 Qxc4 19. Nxd8 Rxd8 20. Rd4 1-0

[Event "Sharjah Blitz"]
[Site "Sharjah"]
[Date "2023.03.28"]
[Round "6"]
[White "Iordachescu, Viorel"]
[Black "Salem, AR Saleh"]
[Result "0-1"]
[WhiteElo "2584"]
[BlackElo "2677"]
[PlyCount "108"]
[EventDate "2023.03.28"]
[EventType "swiss (blitz)"]
[EventRounds "9"]
[EventCountry "UAE"]
[SourceTitle "CBM 213 Extra"]
[Source "ChessBase"]
[SourceDate "2023.05.31"]
[SourceVersion "1"]
[SourceVersionDate "2023.05.31"]
[SourceQuality "1"]

1. e4 e5 2. Nf3 Nc6 3. Bb5 a6 4. Ba4 Nf6 5. 0-0 Be7 6. Re1 b5 7. Bb3 0-0 8. h3 Bb7 9. d3 d6 10. a3 Nb8 11. Nbd2 Nbd7 12. Nf1 Re8 13. Ba2 c6 14. c3 Bf8 15. Bg5 h6 16. Bh4 d5 17. Ne3 Qc7 18. Ng4 Nh7 19. exd5 cxd5 20. Bg3 Bd6 21. Nh4 h5 22. Ne3 Nhf6 23. Nhf5 Bf8 24. d4 Qc6 25. dxe5 Nxe5 26. Nd4 Qd7 27. Bh4 Ne4 28. Qxh5 Ng6 29. Bg3 Nxg3 30. fxg3 Re5 31. Qf3 Rae8 32. Nec2 f6 33. Rf1 Bc5 34. Kh1 Rg5 35. Rad1 Kh8 36. g4 Ne5 37. Qg3 Nc4 38. Nf3 Rg6 39. Bxc4 bxc4 40. Ncd4 Re4 41. Nh4 Rh6 42. Nhf5 Rh7 43. Qb8+ Re8 44. Qf4 Re4 45. Qg3 g6 46. Ne3 Bd6 47. Qf3 Be5 48. Rfe1 Qe7 49. Nec2 Bc7 50. Ne3 Qe5 51. Kg1 Qh2+ 52. Kf2 Rf4 53. Ne6 Rxf3+ 54. Kxf3 Qg3+ 0-1

[Event "Sharjah Blitz"]
[Site "Sharjah"]
[Date "2023.03.28"]
[Round "3"]
[White "Khaddour, Ismael"]
[Black "Iordachescu, Viorel"]
[Result "0-1"]
[WhiteElo "2008"]
[BlackElo "2584"]
[PlyCount "162"]
[EventDate "2023.03.28"]
[EventType "swiss (blitz)"]
[EventRounds "9"]
[EventCountry "UAE"]
[SourceTitle "CBM 213 Extra"]
[Source "ChessBase"]
[SourceDate "2023.05.31"]
[SourceVersion "1"]
[SourceVersionDate "2023.05.31"]
[SourceQuality "1"]

1. e4 g6 2. d4 Bg7 3. Nc3 c6 4. Be3 d5 5. e5 Nh6 6. Bd3 Nf5 7. Bxf5 Bxf5 8. Nge2 f6 9. f4 0-0 10. 0-0 Na6 11. Ng3 fxe5 12. Nxf5 Rxf5 13. fxe5 Qd7 14. Qe2 Nc7 15. Rxf5 Qxf5 16. Rf1 Qd7 17. Qd2 Ne6 18. Ne2 Rf8 19. Rxf8+ Nxf8 20. c3 Qf5 21. a3 Ne6 22. Ng3 Qf7 23. Qf2 a5 24. Qxf7+ Kxf7 25. a4 b5 26. b3 Nc7 27. Ne2 bxa4 28. bxa4 Na8 29. Nc1 Nb6 30. Nb3 Nc4 31. Kf2 e6 32. Ke2 Bf8 33. Bg5 Ke8 34. Kd3 Kd7 35. h3 Ba3 36. Bc1 Be7 37. Bf4 Kc7 38. Bc1 Kb6 39. Nd2 Nxd2 40. Kxd2 c5 41. Kd3 Kc6 42. Kc2 Bh4 43. Ba3 Be7 44. Bc1 h5 45. Be3 Bh4 46. dxc5 Be7 47. Kd3 Bxc5 48. Bd4 Be7 49. Ke3 Bd8 50. Kf3 Kd7 51. g3 Ke8 52. g4 Kf7 53. gxh5 gxh5 54. Kg3 Kg6 55. Kf3 Kf5 56. Ke3 Bc7 57. Kd3 Kf4 58. c4 dxc4+ 59. Kxc4 Kg3 60. Kc5 Kxh3 61. Kc6 Bd8 62. Kd7 Bg5 63. Kxe6 Kg4 64. Bg1 h4 65. Kd5 h3 66. Kc5 Kf5 67. Bh2 Ke6 68. Kb5 Bd2 69. Kc4 Bg5 70. Kb5 Bd8 71. Kc6 Bh4 72. Kb5 Be1 73. Kc6 Bd2 74. Kb5 Bc3 75. Ka6 Bxe5 76. Bg1 Bc3 77. Kb5 Kf5 78. Kc4 Bb4 79. Kd3 Kf4 80. Ke2 Kg3 81. Bf2+ Kg2 0-1

[Event "UAE National Day 51st"]
[Site "Sharjah"]
[Date "2022.12.03"]
[Round "6"]
[White "Zubarev, Alexander2222"]
[Black "Iordachescu, Viorel"]
[Result "0-1"]
[WhiteElo "2372"]
[BlackElo "2584"]
[PlyCount "90"]
[EventDate "2022.12.03"]
[EventType "swiss (rapid)"]
[EventRounds "10"]
[EventCountry "UAE"]
[SourceTitle "CBM 211 Extra"]
[Source "ChessBase"]
[SourceDate "2023.01.31"]
[SourceVersion "1"]
[SourceVersionDate "2023.01.31"]
[SourceQuality "1"]

1. e4 c6 2. d4 d5 3. exd5 cxd5 4. c4 Nf6 5. Nc3 e6 6. Nf3 Bb4 7. cxd5 Nxd5 8. Bd2 Nc6 9. Bd3 0-0 10. 0-0 Be7 11. a3 Bf6 12. Be3 Nxe3 13. fxe3 g6 14. Rc1 Bg7 15. Be4 Ne7 16. Ne5 Nf5 17. Qd3 Rb8 18. Rfd1 a6 19. Na4 Qg5 20. Bxf5 exf5 21. Nb6 Qd8 22. Nec4 Bd7 23. a4 Bxa4 24. Nxa4 b5 25. Ne5 Bxe5 26. Nc5 Bd6 27. Nxa6 Rb6 28. Nc5 Re8 29. e4 fxe4 30. Nxe4 Bf4 31. Ra1 Rbe6 32. Nc5 Re3 33. Qf1 Qh4 34. h3 Qg3 35. Qf2 Qh2+ 36. Kf1 Re2 37. Qxe2 Rxe2 38. Kxe2 Qxg2+ 39. Kd3 Qxh3+ 40. Kc2 h5 41. Ra7 h4 42. Nd3 Qg2+ 43. Kc3 Bg3 44. Re7 h3 45. Ra1 h2 0-1

[Event "Braila GP RO Stage 5"]
[Site "Braila"]
[Date "2022.11.06"]
[Round "5"]
[White "Iordachescu, Viorel"]
[Black "Cosma, Ioan"]
[Result "1-0"]
[WhiteElo "2584"]
[BlackElo "2368"]
[PlyCount "63"]
[EventDate "2022.11.05"]
[EventType "swiss (rapid)"]
[EventRounds "10"]
[EventCountry "ROU"]
[SourceTitle "EXT 2024"]
[Source "ChessBase"]
[SourceDate "2023.10.10"]
[SourceVersion "1"]
[SourceVersionDate "2023.10.10"]
[SourceQuality "1"]

1. e4 c5 2. Nf3 Nc6 3. Bb5 g6 4. Bxc6 dxc6 5. d3 Qc7 6. h3 e5 7. a4 Nf6 8. Na3 Nh5 9. Nc4 Bg7 10. a5 Be6 11. 0-0 Rd8 12. Qe1 0-0 13. Be3 b6 14. axb6 axb6 15. Ra3 f5 16. exf5 gxf5 17. Qa1 Rd7 18. Re1 Bd5 19. Nh2 e4 20. Qd1 Nf6 21. Qc1 Nh5 22. Bh6 exd3 23. cxd3 Bxh6 24. Qxh6 Nf4 25. Ne5 Nxg2 26. Nxd7 Qxd7 27. d4 f4 28. Re5 Bf7 29. Kxg2 Bg6 30. Nf3 cxd4 31. Rg5 c5 32. h4 1-0

[Event "Braila GP RO Stage 5"]
[Site "Braila"]
[Date "2022.11.06"]
[Round "7"]
[White "Iordachescu, Viorel"]
[Black "Kuzubov, Yuriy"]
[Result "1/2-1/2"]
[WhiteElo "2584"]
[BlackElo "2618"]
[PlyCount "137"]
[EventDate "2022.11.05"]
[EventType "swiss (rapid)"]
[EventRounds "10"]
[EventCountry "ROU"]
[SourceTitle "EXT 2024"]
[Source "ChessBase"]
[SourceDate "2023.10.10"]
[SourceVersion "1"]
[SourceVersionDate "2023.10.10"]
[SourceQuality "1"]

1. e4 c5 2. Nf3 Nc6 3. Bb5 e6 4. 0-0 Nge7 5. Re1 a6 6. Bf1 d5 7. d3 g6 8. exd5 Nxd5 9. Bg5 Be7 10. Bh6 Bf6 11. Qc1 Nde7 12. Nc3 Nf5 13. Ne4 Be7 14. c3 Nxh6 15. Qxh6 Bf8 16. Qf4 Be7 17. d4 cxd4 18. cxd4 0-0 19. Rad1 Nb4 20. Qh6 f6 21. Bc4 Nd5 22. Nc3 Rf7 23. Bb3 Bf8 24. Qh4 Bg7 25. Qe4 Kh8 26. Nxd5 exd5 27. Qxd5 Rf8 28. h3 Rb8 29. Re3 Bd7 30. Qd6 Bb5 31. Qxd8 Rfxd8 32. d5 Bf8 33. Nd4 Bd6 34. Nxb5 axb5 35. Re6 Kg7 36. Rc1 b4 37. g3 f5 38. Kg2 Ra8 39. h4 Rd7 40. h5 Be7 41. Rh1 Rad8 42. Rhe1 Bc5 43. R1e2 b6 44. Kf3 Rf8 45. Re1 Bd6 46. Rh1 Bc5 47. Rhe1 Bd6 48. Ba4 Rdd8 49. Bc6 gxh5 50. Rh1 f4 51. g4 hxg4+ 52. Kxg4 f3 53. Rh5 Rf4+ 54. Kh3 Bc5 55. Kg3 Rd4 56. Rg5+ Kh8 57. Rf5 Rd2 58. Rxf3 Bxf2+ 59. Kh3 Rg8 60. Bb5 Rxd5 61. Rh6 Rxb5 62. Rxf2 Kg7 63. Rh4 Rg5 64. Rxb4 b5 65. Rh4 Rd8 66. Re2 Rd3+ 67. Kh2 h5 68. a4 bxa4 69. Rxa4 1/2-1/2

[Event "ROM-chT"]
[Site "Oradea"]
[Date "2022.09.29"]
[Round "9.2"]
[White "Iordachescu, Viorel"]
[Black "Stepanencu, Nicodim Cosmin"]
[Result "1-0"]
[WhiteElo "2585"]
[BlackElo "2289"]
[PlyCount "57"]
[EventDate "2022.09.21"]
[EventType "team-tourn"]
[EventRounds "9"]
[EventCountry "ROU"]
[SourceTitle "EXT 2024"]
[Source "ChessBase"]
[SourceDate "2023.10.10"]
[SourceVersion "1"]
[SourceVersionDate "2023.10.10"]
[SourceQuality "1"]
[WhiteTeam "Iasi Politehnica"]
[BlackTeam "Craiova Oltenia"]
[WhiteTeamCountry "ROU"]
[BlackTeamCountry "ROU"]

1. e4 e5 2. Nf3 Nc6 3. Bb5 a6 4. Ba4 Nf6 5. Bxc6 dxc6 6. d3 Bc5 7. Be3 Qe7 8. 0-0 Bg4 9. Nbd2 0-0-0 10. Qc1 h6 11. a3 g5 12. b4 Bd4 13. Bxd4 exd4 14. Qb2 Bxf3 15. Nxf3 Qd7 16. a4 Nh5 17. b5 Nf4 18. Rfb1 Qg4 19. Ne1 Ne2+ 20. Kh1 Nc3 21. bxc6 b6 22. Nf3 Qf4 23. Qb4 Nxb1 24. Rxb1 Kb8 25. Qc4 Ka7 26. a5 b5 27. Qc5+ Ka8 28. Nxd4 Qxf2 29. Nxb5 1-0

[Event "Bucharest Super Rapid op"]
[Site "Bucharest"]
[Date "2022.04.30"]
[Round "1"]
[White "Prisacaru, Stefan Emilian"]
[Black "Iordachescu, Viorel"]
[Result "0-1"]
[WhiteElo "1940"]
[BlackElo "2585"]
[PlyCount "110"]
[EventDate "2022.04.30"]
[EventType "swiss (rapid)"]
[EventRounds "10"]
[EventCountry "ROU"]
[SourceTitle "CBM 208 Extra"]
[Source "ChessBase"]
[SourceDate "2022.07.31"]
[SourceVersion "1"]
[SourceVersionDate "2022.07.31"]
[SourceQuality "1"]

1. d4 Nf6 2. Nf3 e6 3. e3 b6 4. Bd3 Bb7 5. b3 d5 6. Bb2 Bd6 7. Ne5 0-0 8. Nd2 c5 9. 0-0 Nc6 10. a3 Rc8 11. f4 Ne7 12. Qe2 Ne4 13. c4 cxd4 14. exd4 Nxd2 15. Qxd2 Nf5 16. cxd5 Bxd5 17. b4 f6 18. Nf3 Qc7 19. g3 Qf7 20. Qe2 Rc7 21. Rac1 Rxc1 22. Rxc1 h5 23. Be4 Qb7 24. Bxd5 Qxd5 25. Qc4 Qxc4 26. Rxc4 Kf7 27. Kf2 Ke7 28. Bc1 Kd7 29. Bd2 a6 30. Ke2 Ne7 31. Kd3 Nd5 32. Rc1 Ra8 33. Ra1 b5 34. Ng1 Nb6 35. Ne2 Rh8 36. Nc3 h4 37. g4 h3 38. Ne4 Rh4 39. Rg1 Nd5 40. Nxd6 Kxd6 41. Rg3 Nb6 42. Bc1 Rh8 43. g5 f5 44. Rf3 Nd5 45. Bb2 Rc8 46. Kd2 Rh8 47. Kd3 Rh4 48. Bc1 Ne7 49. Bd2 Kd5 50. Re3 Ng6 51. Rf3 Rg4 52. Rf2 Rg2 53. Rxg2 hxg2 54. Be3 Nxf4+ 55. Kd2 Nh3 0-1

[Event "Sharjah Ramadan Stars"]
[Site "Sharjah"]
[Date "2022.04.12"]
[Round "3"]
[White "Salem, AR Saleh"]
[Black "Iordachescu, Viorel"]
[Result "1/2-1/2"]
[WhiteElo "2690"]
[BlackElo "2585"]
[PlyCount "72"]
[EventDate "2022.04.12"]
[EventType "tourn (rapid)"]
[EventRounds "10"]
[EventCountry "UAE"]
[EventCategory "13"]
[SourceTitle "CBM 207 Extra"]
[Source "ChessBase"]
[SourceDate "2022.05.31"]
[SourceVersion "1"]
[SourceVersionDate "2022.05.31"]
[SourceQuality "1"]

1. d4 d5 2. c4 e6 3. Nf3 Nf6 4. g3 Be7 5. Bg2 0-0 6. 0-0 dxc4 7. Qc2 a6 8. a4 Bd7 9. Qxc4 Bc6 10. Bf4 Nbd7 11. Qc2 Bd6 12. Nc3 Bxf4 13. gxf4 a5 14. e4 Nb8 15. Rad1 Na6 16. Ne5 Nh5 17. Nxc6 bxc6 18. Ne2 Nb4 19. Qc5 f5 20. Qe5 Kh8 21. Ng3 Nf6 22. exf5 exf5 23. Rfe1 g6 24. h4 Re8 25. Qc5 Rxe1+ 26. Rxe1 Qd6 27. Qxd6 cxd6 28. Re6 Nfd5 29. Bxd5 Nxd5 30. Rxd6 Rb8 31. h5 Kg7 32. Rxc6 Rxb2 33. hxg6 hxg6 34. Rc5 Nxf4 35. Rxa5 Ra2 36. Nxf5+ gxf5 1/2-1/2

[Event "Sharjah Blitz op 27th"]
[Site "Sharjah"]
[Date "2022.04.08"]
[Round "9"]
[White "Iordachescu, Viorel"]
[Black "Salem, AR Saleh"]
[Result "1-0"]
[WhiteElo "2585"]
[BlackElo "2690"]
[PlyCount "119"]
[EventDate "2022.04.08"]
[EventType "swiss (blitz)"]
[EventRounds "9"]
[EventCountry "UAE"]
[SourceTitle "CBM 207 Extra"]
[Source "ChessBase"]
[SourceDate "2022.05.31"]
[SourceVersion "1"]
[SourceVersionDate "2022.05.31"]
[SourceQuality "1"]

1. e4 e6 2. d3 c5 3. g3 Nc6 4. Bg2 g6 5. Nf3 Bg7 6. Bg5 Nge7 7. Qc1 h6 8. Be3 b6 9. 0-0 d5 10. Re1 d4 11. Bd2 e5 12. a4 Be6 13. Na3 g5 14. Nc4 Ng6 15. Rf1 g4 16. Ne1 h5 17. c3 h4 18. Qd1 Qe7 19. Rc1 Rd8 20. Qe2 Kf8 21. Rd1 Kg8 22. Bc1 f6 23. Nc2 Bh6 24. cxd4 cxd4 25. Bxh6 Rxh6 26. f4 gxf3 27. Qxf3 Kg7 28. b4 Rf8 29. b5 Nb8 30. Rf2 Nd7 31. Rdf1 Nc5 32. Nb4 Qd7 33. Qe2 Ne7 34. Nxe5 Qc7 35. Ng4 hxg3 36. hxg3 Bxg4 37. Qxg4+ Rg6 38. Qf4 Qxf4 39. gxf4 Rh8 40. Rf3 Rh4 41. Kf2 Rgg4 42. Rg3 Ng6 43. Rxg4 Rxg4 44. f5 Ne5 45. Rd1 Nxa4 46. Ra1 Nb2 47. Rxa7+ Kh6 48. Bf1 Nd1+ 49. Ke1 Nc3 50. Nd5 Nxb5 51. Rb7 Nc3 52. Rxb6 Rg1 53. Kf2 Rh1 54. Rxf6+ Kg5 55. Re6 Ng4+ 56. Kg2 Rh2+ 57. Kg1 Nd1 58. Rg6+ Kh5 59. Rxg4 Ra2 60. Nf6+ 1-0